Фотометрия. Теория, методы и приборы

Bibliografiske detaljer
Hovedforfatter: Гуревич М. М. Михаил Моисеевич
Summary:Загл. 1-го изд.: Введение в фотометрию.
Sprog:russisk
Udgivet: Ленинград, Энергоатомиздат, 1983
Udgivelse:2-е изд., перераб. и доп.
Fag:
Format: MixedMaterials Bog
KOHA link:https://koha.lib.tpu.ru/cgi-bin/koha/opac-detail.pl?biblionumber=32846

MARC

LEADER 00000nam0a2200000 4500
001 32846
005 20231030205450.0
035 |a (RuTPU)RU\TPU\book\33149 
035 |a BOOK00000066 
090 |a 32846 
100 |a 20011210d1983 k y0rusy50 ca 
101 0 |a rus 
102 |a RU 
105 |a а z 001zy 
200 1 |a Фотометрия. Теория, методы и приборы  |f М. М. Гуревич 
205 |a 2-е изд., перераб. и доп. 
210 |a Ленинград  |c Энергоатомиздат  |d 1983 
215 |a 268 с.  |c ил. 
300 |a Загл. 1-го изд.: Введение в фотометрию. 
320 |a Библиогр.: с. 264-266. 
610 1 |a физика 
610 1 |a оптика 
610 1 |a фотометрия 
610 1 |a теория 
610 1 |a приборы 
610 1 |a источники света 
610 1 |a приемники излучения 
610 1 |a световые величины 
610 1 |a измерение 
610 1 |a материалы 
610 1 |a фотометрические характеристики 
675 |a 535.24  |v 3 
700 1 |a Гуревич  |b М. М.  |g Михаил Моисеевич 
801 0 |a RU  |b 63413507  |c 20011210  |g PSBO 
801 2 |a RU  |b 63413507  |c 20201118  |g PSBO 
900 |a Метрология и оптические измерения 
900 |a Фотометрия, колориметрия 
900 |a Теория и методы оптических измерений 
942 |c BK